000 00904cab a2200313 4500
001 ABS55081
008 090401t1996 xxu||||| |||| 00| 0 eng d
035 _a(Sirsi) u14043
041 _aeng
245 _aBuilding Awards
260 _c1996
300 _aLOAN
350 _a0
490 _aBuilding
_vSupplement 261(7938) 26 April 1996, (56)
520 _aRanks contractors, architectural, multidisciplinary and surveying practices, housebuilders and housebuilders` merchants by number of votes cast by other professionals and clients.
650 _aARCHITECTURAL PRACTICES
650 _aBRANDING
650 _aBUILDERS MERCHANTS
650 _aBUILDING AWARDS
650 _aCONTRACTORS
650 _aHOUSE BUILDERS
650 _aLOGOS
650 _aNOP
650 _aRANKINGS
650 _aSURVEYING PRACTICES
690 _aSPECIAL REPORTS
942 _n0
948 _c04/03/1997
999 _c9100
_d9100